000 00708nam a2200253Ia 4500
003 OSt
005 20221007110122.0
006 a|||||r|||| 00| 0
007 ta
008 221006b |||||||| |||| 00| 0 eng d
020 _a0415445443
024 _a20,402
037 _cTextual
040 _aLCO
_cLCO
_beng
041 _2eng
_aeng
082 _aZ4,12, P7
100 _aGhosh S. Partha
_9707116
245 0 _aPolitics of Personal Law in South Asia
_b Identity, Nationalism and the Uniform civil code
260 _aNew
_bDelhi Routledge India
_c2007
300 _a339
650 _aPERSONAL LAW
942 _hZ4,12, P7
_cTEXL
999 _c1189965
_d1189965